Social science research for agricultural technology development : (Record no. 5817)

MARC details
000 -LEADER
fixed length control field 00720nam a22002177a 4500
001 - CONTROL NUMBER
control field BD-DhSAU 5817
003 - CONTROL NUMBER IDENTIFIER
control field BD-DhSAU
005 - DATE AND TIME OF LATEST TRANSACTION
control field 20150424152049.0
008 - FIXED-LENGTH DATA ELEMENTS--GENERAL INFORMATION
fixed length control field 150424b1993-uk ||||| |||| 001 0 eng d
020 ## - INTERNATIONAL STANDARD BOOK NUMBER
International Standard Book Number 085198806
040 ## - CATALOGING SOURCE
Original cataloging agency BD-DhSAU
082 ## - DEWEY DECIMAL CLASSIFICATION NUMBER
Edition number 22
Classification number 307.1412
Item number SOC
100 ## - MAIN ENTRY--PERSONAL NAME
Personal name Dvorak, Karen Ann.
245 ## - TITLE STATEMENT
Title Social science research for agricultural technology development :
Remainder of title spatial and temporal dimensions /
Statement of responsibility, etc. Edited by Karen Ann, Dvorak,..
260 ## - PUBLICATION, DISTRIBUTION, ETC. (IMPRINT)
Place of publication, distribution, etc. Wallingford :
Name of publisher, distributor, etc. CAB International ,
Date of publication, distribution, etc. 1993.
300 ## - PHYSICAL DESCRIPTION
Extent xvi, 223 p.,
Other physical details Table, figs. ;
Dimensions 24 cm .
504 ## - BIBLIOGRAPHY, ETC. NOTE
Bibliography, etc Includes index.
590 ## - Name of Cataloguer
Name of Cataloger Shahriar
650 ## - SUBJECT ADDED ENTRY--TOPICAL TERM
Topical term or geographic name as entry element Agricultural innovations -- Congresses.
650 ## - SUBJECT ADDED ENTRY--TOPICAL TERM
Topical term or geographic name as entry element Agricultural Extension.
942 ## - ADDED ENTRY ELEMENTS (KOHA)
Source of classification or shelving scheme Dewey Decimal Classification
Koha item type Book
Holdings
Withdrawn status Lost status Source of classification or shelving scheme Damaged status Not for loan Collection code Home library Branch Name Shelving location Date acquired Total Checkouts Full call number Barcode Date last seen Price effective from Koha item type
    Dewey Decimal Classification   Not For Loan Reference SAU Library SAU Library Reference 04/07/1993   307.1412 SOC 26162 24/04/2015 24/04/2015 Book